000 00269nam a22001217a 4500
008 180803b xxu||||| |||| 00| 0 eng d
082 _a813.52
245 _aAudio-Digest PEDIATRICS
_cCME
260 _c2007
300 _a12
_fCD
440 _x02711346
942 _2ddc
_cMX
999 _c46755
_d46755